000 01740cad a22002535a 4500
001 E147542
008 090521s2006 xxk f s000 0 eng d
020 _a0755929381
022 1 _a0950-2254
035 _a(Sirsi) u147542
041 0 _aeng
050 0 4 _a711.7 $2 18
110 2 _aAtkins
_95263
245 0 2 _aA review of national transport strategies across developed countries in Europe and elsewhere
_h[electronic resource]
260 _a[Edinburgh]
_bScottish Executive Social Research
_c2006
505 2 _aIntroduction: background to research; current transport strategies in Scotland; research methodology; report structure -- Case study identification: case study short-listing; review of national transport strategies -- Case study overview: summary of case study findings -- Good practice: introduction; strategy context; problems and issues; policy overview and objectives; the strategy; consultation and appraisal; implementation; monitoring; national transport strategy typology -- Recommendations -- Appendix A: relevant documents hyperlinks
520 _aDiscusses the results of research aimed at identifying good practice in National Transport Strategies across Europe and elsewhere, and looking at ways in which Scotland can learn from such good practice. The countries examined were Denmark; Sweden; Finland; Germany; Canada; Austria; Singapore; New Zealand; Hong Kong; Switzerland; Netherlands New South Wales.
521 _aAdvanced
651 4 _aScotland
_y1999-
690 _aPROPERTY-INFRASTRUCTURE-TRANSPORT INFRASTRUCTURE
710 1 _aMclean Hazel
_95737
856 4 0 _uhttps://www.scotland.gov.uk/Publications/2006/02/02142231/0
_zView the report free of charge at www.scotland.gov.uk...
942 _n0
999 _c109606
_d109606